000 00544nam a2200181 i 4500
001 142810
003 ES-MaACL
005 20250925063044.0
007 t|
008 071010s1945 sp ||||1| spa d
100 1 _aVicens Vives, Jaime,
_d1910-1960
_9114319
245 1 0 _aAtlas y síntesis de historia de España /
_cJaime Vicens Vives.
250 _aNueva edición.
260 _aBarcelona :
_bTeide,
_c[1945]
300 _a144 p., 12 lám. :
_bil. ;
_c16 cm.
852 _aES-MaACL
_jD-6692
_bR.30959
999 _c142810
_d142810